000 00885nam a22002057a 4500
999 _c22222
_d22222
003 AR-CdUCM
008 190425b ||||| |||| 00| 0 spa d
040 _aMUNICIPALIDAD PROVINCIAL DEL CUSCO
_cBIBLIOTECA MUNICIPAL DEL CUSCO
082 _aControversia/N°4/2007
245 _aControversia la revista :
_bInvestigación análisis opinión /
_cEnrique Aguirre Castro, Director
260 _aCusco.
_bCagibes,
_c2007.
300 _a34 páginas. :
_bilustraciones ;
_c28 cm.
440 _aControversia.
_nAño I, Edición 04, diciembre 2007.
_947675
505 _aContenido: Camisea desastres medioambientales sin sanción. -- Revocatoria pasos a seguir. -- Peligro de desastre sismico en Cusco. -- Gas en el Cusco y ahora que. ...
650 _aSociedad cusqueña
_947493
650 _aMinería
_9430
700 _aFiascunari Bedregal, Fredy
_947674
942 _2ddc
_cPP
945 _arac